|
|
|
|
| LEADER |
02836nam a22004935i 4500 |
| 001 |
978-88-470-2525-7 |
| 003 |
DE-He213 |
| 005 |
20151204165422.0 |
| 007 |
cr nn 008mamaa |
| 008 |
140313s2014 it | s |||| 0|ita d |
| 020 |
|
|
|a 9788847025257
|9 978-88-470-2525-7
|
| 024 |
7 |
|
|a 10.1007/978-88-470-2525-7
|2 doi
|
| 040 |
|
|
|d GrThAP
|
| 050 |
|
4 |
|a RC500-510
|
| 050 |
|
4 |
|a BF173-175.5
|
| 072 |
|
7 |
|a JMAF
|2 bicssc
|
| 072 |
|
7 |
|a JMAJ
|2 bicssc
|
| 072 |
|
7 |
|a PSY026000
|2 bisacsh
|
| 082 |
0 |
4 |
|a 616.8917
|2 23
|
| 082 |
0 |
4 |
|a 150.195
|2 23
|
| 100 |
1 |
|
|a Oasi, Osmano.
|e author.
|
| 245 |
1 |
0 |
|a La psicologia dinamica e Sigmund Freud
|h [electronic resource] /
|c by Osmano Oasi.
|
| 264 |
|
1 |
|a Milano :
|b Springer Milan :
|b Imprint: Springer,
|c 2014.
|
| 300 |
|
|
|a XV, 220 pagg.
|b online resource.
|
| 336 |
|
|
|a text
|b txt
|2 rdacontent
|
| 337 |
|
|
|a computer
|b c
|2 rdamedia
|
| 338 |
|
|
|a online resource
|b cr
|2 rdacarrier
|
| 347 |
|
|
|a text file
|b PDF
|2 rda
|
| 505 |
0 |
|
|a 1 Psicologia dinamica: radici e aree di sviluppo della disciplina -- 2 Cenni di diagnosi e nosografia psicoanalitiche -- 3 Curare ai tempi di Freud (precursori e contemporanei) -- 4 Le basi del pensiero freudiano -- 5 La nascita della psicoanalisi.- 6 Il ruolo dell'infanzia nel modello freudiano -- 7 Il narcisismo e lo studio della patologia grave -- 8 Verso l'ultimo Freud: aperture sul futuro.
|
| 520 |
|
|
|a Questo volume è pensato contemporaneamente come un’introduzione sia alla psicologia dinamica sia alla psicoanalisi. I primi capitoli, dopo aver mostrato la specificità dell’approccio psicodinamico all’uomo e proposto cenni di diagnosi e nosografia psichiatrica e psicoanalitica, passa in rassegna gli autori appartenenti alla prima psichiatria dinamica, precursori del pensiero di Freud. La parte centrale del volume è interamente dedicata a Freud: lo sviluppo del suo pensiero è descritto tramite un inquadramento storico degli eventi personali e sociali del tempo; particolare attenzione è dedicata ai suoi casi clinici, dei quali sono mostrati quindi gli aspetti tecnici dell’agire psicoanalitico. NEi capitoli finali vengono trattati quegli autori che, insieme a Freud, furono alla base dello sviluppo e della diffusione del pensiero psicoanalitico, a volte contrapponendosi umanamente e scientificamente a lui.
|
| 650 |
|
0 |
|a Medicine.
|
| 650 |
|
0 |
|a Psychotherapy.
|
| 650 |
|
0 |
|a Psychoanalysis.
|
| 650 |
|
0 |
|a Clinical psychology.
|
| 650 |
1 |
4 |
|a Medicine & Public Health.
|
| 650 |
2 |
4 |
|a Psychoanalysis.
|
| 650 |
2 |
4 |
|a Psychotherapy.
|
| 650 |
2 |
4 |
|a Clinical Psychology.
|
| 710 |
2 |
|
|a SpringerLink (Online service)
|
| 773 |
0 |
|
|t Springer eBooks
|
| 776 |
0 |
8 |
|i Printed edition:
|z 9788847025240
|
| 856 |
4 |
0 |
|u http://dx.doi.org/10.1007/978-88-470-2525-7
|z Full Text via HEAL-Link
|
| 912 |
|
|
|a ZDB-2-SME
|
| 950 |
|
|
|a Medicine (Springer-11650)
|